banner koha

Correlacoes do credito rural com os volumes e indices tecnologicos alcancados na producao de leite no municipio de Resende, Rio de Janeiro [Brasil] (Registro n. 111045)

MARC details
000 -LÍDER
campo de controle de tamanho fixo 00998nas a2200265 4500
001 - NÚMERO DE CONTROLE
campo de controle BR8300033
003 - IDENTIFICADOR DO NÚMERO DE CONTROLE
campo de controle BR-BrBNA
005 - DATA E HORÁRIO DA ÚLTIMA TRANSAÇÃO
campo de controle 20231205085354.0
007 - CAMPO FIXO DE DESCRIÇÃO FÍSICA--INFORMAÇÃO GERAL
campo de controle de tamanho fixo ta
008 - CAMPO DE DADOS FIXOS--INFORMAÇÃO GERAL
campo de controle de tamanho fixo 230509b bl.|||p| |||| 00| 00por d
040 ## - FONTE DA CATALOGAÇÃO
Instituição da catalogação original BR-BrBNA
Idioma da catalogação por
Instituição que transcreveu o registro Biblioteca Nacional de Agricultura
041 ## - CÓDIGO DE IDIOMA
Código do idioma do texto/trilha sonora ou título diferente (Pt)
072 ## - CÓDIGO DE CATEGORIA DE ASSUNTO
Código de Categoria de Assunto E10; L00
100 1# - ENTRADA PRINCIPAL--NOME PESSOAL
Nome pessoal Rodrigues, L.M.
100 1# - ENTRADA PRINCIPAL--NOME PESSOAL
Nome pessoal Rodrigues, P.C.
245 1# - TÍTULO
Título Correlacoes do credito rural com os volumes e indices tecnologicos alcancados na producao de leite no municipio de Resende, Rio de Janeiro [Brasil]
246 1# - FORMA VARIANTE DO TÍTULO
Título/título abreviado [Correlations of rural credit with volumes and technological levels reached in the dairy production of Resende county, Rio de Janeiro [Brazil]]
650 ## - ASSUNTO--TERMO TÓPICO
Cabeçalho tópico ou nome geográfico CREDITO RURAL
650 ## - ASSUNTO--TERMO TÓPICO
Cabeçalho tópico ou nome geográfico LEITE
650 ## - ASSUNTO--TERMO TÓPICO
Cabeçalho tópico ou nome geográfico PRODUCAO LEITEIRA
650 ## - ASSUNTO--TERMO TÓPICO
Cabeçalho tópico ou nome geográfico RIO DE JANEIRO
773 0# - ENTRADA ANALÍTICA
Título Revista Brasileira de Medicina Veterinaria (Brazil)
ISSN - International Standard Serial Number
Partes relacionadas (Apr 1982), v. 5(2) p. 24-26
Número de controle do registro BR8300033
909 ## -
-- 202311
-- Lúcia
-- 55
-- Lúcia Elande
942 ## - ELEMENTOS DE ENTRADA ADICIONADOS (KOHA)
Fonte da classificação ou esquema de arquivamento na estante Classificação AGRIS
Ocultar no OPAC Não
Tipo de material Koha Analítica
Exemplares
Situação do descarte Fonte da classificação ou esquema de arquivamento na estante Situação física Não pode ser emprestado Biblioteca de origem Biblioteca atual Localização na estante Enumeração do periódico / cronologia Total de empréstimos Data de último acesso Número do exemplar Tipo de material Koha Fonte de aquisição
  Classificação AGRIS   Consulta local Biblioteca Nacional de Agricultura - Binagri Biblioteca Nacional de Agricultura - Binagri   (Apr 1982), v. 5(2) p. 24-26   29/11/2023 01 Periódicos Portaria Interministerial nº 164/94

BINAGRI

Telefone: (61)3218-2567/2388/3357/2097 - binagri@agro.gov.br

Ministério da Agricultura e Pecuária , Esplanada dos Ministérios, Bloco D, Anexo B, Brasília/DF, CEP: 70.043-900